000 01366cam a2200385 a 4500
001 15298585
003 PILC
005 20160329144229.0
008 080521s2008 nyu 000 1 eng
010 _a 2008021257
020 _a9780312358730 (alk. paper)
020 _a0312358733 (alk. paper)
035 _a(OCoLC)ocn213451424
035 _a(OCoLC)213451424
040 _aDLC
_cDLC
_dBTCTA
_dBAKER
_dYDXCP
_dOCLCG
_dC#P
_dWIQ
_dJP3
_dDLC
041 1 _aeng
_hice
050 0 0 _aPT 7511.A67
_b.In41 2004
082 0 0 _a839/.6934
100 0 _aIndriưason, Arnaldur.
_d1961-
240 1 0 _aKleifarvatn.
_lEnglish
245 1 4 _aThe draining lake /
_cArnaldur Indriưason ; translated from the Icelandic by Bernard Scudder.
250 _a1st U.S. edition.
260 _aNew York :
_bThomas Dunne Books,
_c2008.
300 _a323 pages ;
_c22 cm.
546 _aTranslated from the Icelandic.
650 0 _aErlendur Sveinsson (Fictitious character)
_vFiction.
650 0 _aMurder
_xInvestigation
_vFiction.
650 0 _aLakes
_vFiction.
651 0 _aIceland
_vFiction.
655 7 _aMystery fiction.
_2gsafd
700 1 _aScudder, Bernard,
_d1954-2007.
906 _a7
_bcbc
_corignew
_d1
_eecip
_f20
_gy-gencatlg
942 _2lcc
_cBK
999 _c292855
_d292855